Ιστορία και περιεχόμενο της εκπαίδευσης : πρακτικά συνεδρίου

Αποθηκεύτηκε σε:
Λεπτομέρειες βιβλιογραφικής εγγραφής
Συλλογικό Έργο: Πανελλήνιος Σύνδεσμος Ποντίων Εκπαιδευτικών, Ελληνική Εταιρεία Ιστορικών της Εκπαίδευσης
Άλλοι συγγραφείς: Παυλίδης, Αντώνης Υ. (Επιμελητής έκδοσης)
Μορφή: Βιβλίο
Γλώσσα:Greek
Δημοσίευση: Αθήνα : Ατραπός, 2004.
Θέματα:
Ετικέτες: Προσθήκη ετικέτας
Δεν υπάρχουν, Καταχωρήστε ετικέτα πρώτοι!

MARC

LEADER 00000cam a2200000 i 4500
001 1/72034
008 050223s2004 gr | ||| |||| ||gre||
020 |a 9608325803 
035 |l 10076704 
040 |a GR-MY-UA  |b gre  |e aacr 
041 0 |a gre 
082 7 |a 370.9495   |2 (21) 
110 2 |a Πανελλήνιος Σύνδεσμος Ποντίων Εκπαιδευτικών. 
245 1 0 |a Ιστορία και περιεχόμενο της εκπαίδευσης :   |b πρακτικά συνεδρίου /   |c Πανελλήνιος Σύνδεσμος Ποντίων εκπαιδευτικών (Π.Σ.Π.Ε.), Ελληνική Εταιρία Ιστορικών της Εκπαίδευσης ; επιμέλεια: Αντώνης Παυλίδης.  
260 |a Αθήνα :   |b Ατραπός,   |c 2004.  
300 |a 286 σ. :   |b φωτ. ;   |c 24 εκ.  
500 |a Πρακτικά συνεδρίου που οργανώθηκε στην Κοζάνη 24-25 Οκτωβρίου 2003 από τον Πανελλήνιο Σύνδεσμο Ποντίων Εκπαιδευτικών (Π.Σ.Π.Ε.) και την Ελληνική Εταιρία Ιστορικών της Εκπαίδευσης.  
504 |a Περιέχει βιβλιογραφικές παραπομπές.  
650 0 0 |a Greeks  |x Education  |y Pontus  |x History  |x Congresses. 
650 0 0 |a Education  |z Greece  |x History. 
700 1 |a Παυλίδης, Αντώνης Υ.  |e edt 
710 2 |a Ελληνική Εταιρεία Ιστορικών της Εκπαίδευσης. 
852 |a INST  |b RHODES  |e 20050223  |h 370.9495 ΠΑΝ  |p 005400017747  |q 005400017747  |t BK  |y 0 
901 |a BIBL4-2005-1 
909 |a Ρ  |b 110483 
970 |a ΤΣΟΥΝΟΥ  |b ΤΣΑΜΠΙΚΑ  |z 2005/02/23